00871 a2200241 45000010006000000050017000060080041000230030015000640400040000790800036001192450026001550200018001812640039001993000018002385050075002560410008003319420007003395900036003461000015003828560099003979990015004969520118005114600520260407155733.0260407a1997 arg spa dAR-UNSa-BCEJYS aAR-UNSa-BCEJYSbspacAR-UNSa-BCEJYS a314(084.4)xAtlas demográfico10aWorld bank atlas 1997 a0-8213-3576-6 1aWashington :bThe World Bankc1997 a48 p.c22 cm. a1. People – 2. Environment – 3. Economy – 4. States and markets  aspa cBK aniveau_biblio:m niveau_hierar:01 aWorld Bank41uhttps://www.biblioeco.unsa.edu.ar/pmb/images/libros/L127266.jpgyImagen de portadaqimage/jpeg c4107d4107 00104070aBCEJYSbBCEJYSc16d2026-04-07l0oR314(084.4) B213/1997pL127266r2026-04-07 15:57:33w2026-04-07yL